| 000 | 01751nam a22004577a 4500 | ||
|---|---|---|---|
| 003 | CHAP | ||
| 005 | 20220817044347.0 | ||
| 008 | 100624s2010 mx r 00010 spa d | ||
| 010 | _a98811 | ||
| 011 | _a99783 | ||
| 035 | _a110469 | ||
| 040 | _cCHAP | ||
| 090 | _aTesis | ||
| 100 | 1 |
_aBarrera Ruiz, Uriel M _910413 |
|
| 245 | 1 | 0 |
_aCiclo biológico de la fase agámica de andricus quercuslaurinus Melika & Pujade - Villar (Hymenoptera: Cynipidae: Cynipini _c/por Uriel M Barrera Ruiz |
| 260 |
_aChapingo, Méx. : _bEl autor, _c2010 |
||
| 300 |
_aviii,72 h. : _bilus. , cuadros, gráfs. , mapas |
||
| 502 | _aTesis (Ing. Agr. Esp. en Parasitología Agrícola) -- UACH. Departamento de Parasitología Agrícola | ||
| 530 | _aTambién disponible en línea | ||
| 590 |
_aALEPH _b10 _c20130110 _lUCH01 _h1535 |
||
| 590 |
_aBATCH-UPD _b10 _c20130110 _lUCH01 _h0907 |
||
| 590 |
_aBATCH-UPD _b10 _c20130410 _lUCH01 _h0534 |
||
| 590 |
_aBATCH-UPD _b10 _c20130914 _lUCH01 _h0458 |
||
| 590 |
_aBATCH-UPD _b10 _c20140324 _lUCH01 _h1518 |
||
| 590 |
_aBATCH-UPD _b10 _c20141002 _lUCH01 _h0844 |
||
| 590 |
_aBATCH _b00 _c20181121 _lUCH01 _h0758 |
||
| 590 |
_aCONVERSION _b10 _c20130109 _lUCH01 _h1355 |
||
| 650 | 1 | 4 |
_aAvispas. _98877 |
| 650 | 1 | 4 |
_aCiclo biológico. _923050 |
| 650 | 1 | 4 | _aHymenoptera. |
| 650 | 1 | 4 |
_aInsectos _xHuevos. _958928 |
| 650 | 1 | 4 |
_aInsectos _xLarvas. _958932 |
| 650 | 1 | 4 |
_aQuercus laurina. _993181 |
| 650 | 1 | 4 |
_aTrampas para insectos. _9114609 |
| 856 |
_3Finding aid _uhttp://10.13.5.2/tesis/110469.pdf _zTeclea aqui |
||
| 856 |
_a1 _n0000774 |
||
| 901 | _aBK | ||
| 942 | _cFOLL | ||
| 949 |
_aTesis _bBC _cTES _d33724002177347 _eTS1 _gDonaciØn _h50800 _i110469 _sb |
||
| 949 |
_aTesis _bBC _cTES _d33724002177389 _eTS2 _fc.2 _gDonaciØn _h50801 _i110469 _sb |
||
| 999 |
_c98811 _d98811 |
||